[Event "Championnat de France Benjamin"]
[Site "CALVI"]
[Date "2005.04.19"]
[Round "4.7"]
[White "Lepot, Simon"]
[Black "Demuth, Adrien"]
[Result "1-0"]
[WhiteElo "1580"]
[BlackElo "2018"]
[PlyCount "95"]
[EventDate "2005.??.??"]
[SourceDate "2005.04.17"]

1. e4 e5 2. Nf3 Nc6 3. d4 exd4 4. Bc4 Nf6 5. O-O Nxe4 6. Re1 d5 7. Bxd5 Qxd5 8.
Nc3 Qa5 9. Nxe4 Be6 10. Bd2 Bb4 11. Nxd4 Nxd4 12. c3 Be7 13. cxd4 Qd5 14. Qa4+
c6 15. Nc3 Qd7 16. Rac1 O-O 17. Be3 f5 18. Bf4 Bf6 19. Be5 f4 20. Ne4 Bxe5 21.
dxe5 Bd5 22. f3 Qc7 23. Nd6 Qb6+ 24. Kh1 Rad8 25. Qa3 Be6 26. Qc5 Qa6 27. a3
Rd7 28. Qb4 g5 29. Ne4 Qb6 30. Qxb6 axb6 31. Nf6+ Rxf6 32. exf6 Kf7 33. Rcd1
Kxf6 34. Rxd7 Bxd7 35. Kg1 Be6 36. Kf2 b5 37. Ke2 Ke5 38. Kd3+ Kd5 39. Kc3 Kd6
40. Kd4 Bf5 41. Re5 Bg6 42. Rxg5 b6 43. b4 Ke6 44. Re5+ Kd6 45. g3 fxg3 46.
hxg3 Bf7 47. f4 Bg6 48. g4 1-0

[Event "Championnat de France Benjamin"]
[Site "CALVI"]
[Date "2005.04.19"]
[Round "4.8"]
[White "Le Ruyet, Leopold"]
[Black "Sochacki, Wojtek"]
[Result "1-0"]
[WhiteElo "1890"]
[BlackElo "2110"]
[PlyCount "59"]
[EventDate "2005.??.??"]
[SourceDate "2005.04.17"]

1. e4 e6 2. d4 d5 3. Nc3 Nf6 4. Bg5 dxe4 5. Nxe4 Be7 6. Bxf6 Bxf6 7. Nf3 Nd7 8.
c3 b6 9. Bd3 Bb7 10. Qd2 Qe7 11. O-O-O O-O-O 12. Qe2 c5 13. Ba6 Kb8 14. Bxb7
Kxb7 15. d5 exd5 16. Rxd5 Nb8 17. Qd3 Rxd5 18. Qxd5+ Kc7 19. Qf5 Nd7 20. Rd1
Qe6 21. Qf4+ Be5 22. Nxe5 Nxe5 23. Ng5 Qf6 24. Qxf6 gxf6 25. Ne4 Rg8 26. g3 Rg6
27. f4 Nf3 28. f5 Rg7 29. Nxf6 Nxh2 30. Ne8+ 1-0

[Event "Championnat de France Benjamin"]
[Site "CALVI"]
[Date "2005.04.19"]
[Round "4.9"]
[White "Bollard, Maxime"]
[Black "Massoni, Michael"]
[Result "1/2-1/2"]
[WhiteElo "1875"]
[BlackElo "2045"]
[PlyCount "51"]
[EventDate "2005.??.??"]
[SourceDate "2005.04.17"]

1. d4 g6 2. c4 Bg7 3. Nc3 c5 4. d5 Bxc3+ 5. bxc3 f5 6. g3 d6 7. Bg2 Nf6 8. Qc2
Nbd7 9. Nf3 Qa5 10. Nd2 Ne5 11. f4 Nf7 12. O-O Bd7 13. e4 O-O-O 14. Rb1 fxe4
15. Qb2 Qc7 16. Nxe4 Bf5 17. Re1 h5 18. h4 Nh6 19. Ra1 Bxe4 20. Bxe4 Qd7 21.
Bg2 Rde8 22. Bd2 Qg4 23. Rab1 b6 24. Qb5 Qd7 25. Qb3 Qg4 26. Qb5 1/2-1/2

[Event "Championnat de France Benjamine"]
[Site "CALVI"]
[Date "2005.04.19"]
[Round "4.1"]
[White "Macarry, Elodie"]
[Black "Genzling, Sylvie"]
[Result "0-1"]
[WhiteElo "1660"]
[BlackElo "1982"]
[PlyCount "78"]
[EventDate "2005.??.??"]
[SourceDate "2005.04.17"]

1. e4 e6 2. d4 d5 3. e5 c5 4. c3 Nc6 5. Nf3 Bd7 6. Bd3 cxd4 7. cxd4 Qb6 8. Bc2
Bb4+ 9. Nc3 Nge7 10. a3 Bxc3+ 11. bxc3 Na5 12. O-O Rc8 13. Bd2 Nc4 14. Bd3 Nb2
15. Qe2 Nxd3 16. Qxd3 Bb5 17. Qc2 Bxf1 18. Rxf1 Nc6 19. Ng5 Qc7 20. Qd3 h6 21.
Nh3 Ne7 22. Qg3 Ng6 23. f4 Qd7 24. Qd3 Rc6 25. f5 exf5 26. Rxf5 O-O 27. Rf2 Qe7
28. Qf5 Qxa3 29. Qg4 Rb6 30. Qf5 Qa4 31. Rf1 Qa2 32. Be3 Rb2 33. Qg4 Qb3 34.
Bxh6 gxh6 35. e6 Rb1 36. exf7+ Kg7 37. Nf4 Rxf1+ 38. Kxf1 Qb1+ 39. Kf2 Rxf7 0-1

[Event "Championnat de France Benjamine"]
[Site "CALVI"]
[Date "2005.04.19"]
[Round "4.2"]
[White "Richard, Emma"]
[Black "Loiret, Momoko"]
[Result "1-0"]
[WhiteElo "1730"]
[BlackElo "1690"]
[PlyCount "65"]
[EventDate "2005.??.??"]
[SourceDate "2005.04.17"]

1. d4 d5 2. c4 e6 3. cxd5 exd5 4. Nc3 Nf6 5. Bg5 Be7 6. e3 Bf5 7. Qb3 Nbd7 8.
Nf3 b6 9. Bb5 Be6 10. Bc6 Rb8 11. Bxf6 Bxf6 12. Bxd5 Bxd5 13. Nxd5 O-O 14. O-O
c6 15. Nxf6+ Nxf6 16. Ne5 Qd6 17. Rfd1 Nd7 18. Nxd7 Qxd7 19. d5 c5 20. e4 Qd6
21. Qa4 Rb7 22. Rac1 Rc8 23. Qb5 Rbc7 24. e5 Qd8 25. f4 Rd7 26. Qc4 h6 27. f5
Kh8 28. e6 fxe6 29. fxe6 Rd6 30. Rf1 Rc7 31. Rf5 g6 32. Re5 Qf6 33. Qe4 1-0

[Event "Championnat de France Benjamine"]
[Site "CALVI"]
[Date "2005.04.19"]
[Round "4.3"]
[White "Armas, Lara-Maria"]
[Black "Forestier, Carole"]
[Result "1-0"]
[WhiteElo "1730"]
[BlackElo "1647"]
[PlyCount "98"]
[EventDate "2005.??.??"]
[SourceDate "2005.04.17"]

1. d4 d5 2. c4 e6 3. Nc3 Nf6 4. Bg5 c6 5. e3 Nbd7 6. Nf3 Qa5 7. Nd2 Bb4 8. Qc2
O-O 9. Be2 h6 10. Bf4 Bxc3 11. Qxc3 Qxc3 12. bxc3 Re8 13. O-O e5 14. Bg3 exd4
15. cxd4 Nf8 16. Bd3 Ne4 17. Nxe4 dxe4 18. Be2 Be6 19. Rfd1 Rad8 20. Rab1 Rd7
21. Rd2 f5 22. a4 g5 23. h3 Ng6 24. Rdb2 Ree7 25. Rd2 Rd8 26. Rbd1 Red7 27. Rb1
f4 28. Bh2 f3 29. gxf3 exf3 30. Bf1 Rg7 31. e4 g4 32. hxg4 Bxg4 33. d5 cxd5 34.
cxd5 Ne7 35. Kh1 Nc8 36. e5 Nb6 37. d6 Be6 38. Rd4 Kh8 39. a5 Nc8 40. Bb5 Bf5
41. Re1 Be6 42. d7 Ne7 43. Rd6 Rg6 44. Bd3 Nf5 45. Bxf5 Bxf5 46. Rxg6 Bxg6 47.
e6 Be8 48. Bc7 Rxd7 49. exd7 Bxd7 1-0

[Event "Championnat de France Benjamine"]
[Site "CALVI"]
[Date "2005.04.19"]
[Round "4.4"]
[White "Bismuth, Sarah"]
[Black "Peyre, Camille"]
[Result "1/2-1/2"]
[WhiteElo "1640"]
[BlackElo "1730"]
[PlyCount "47"]
[EventDate "2005.??.??"]
[SourceDate "2005.04.17"]

1. e4 c6 2. d4 d5 3. Nc3 dxe4 4. Nxe4 Bf5 5. Ng3 Bg6 6. Bc4 e6 7. N1e2 h6 8.
Nf4 Bh7 9. h4 Nf6 10. h5 Bd6 11. Qe2 Qe7 12. Be3 Nd5 13. Nxd5 cxd5 14. Bb5+ Nd7
15. O-O-O a6 16. Bd3 Bxd3 17. Rxd3 Nb6 18. Qg4 f6 19. Re1 O-O-O 20. Bf4 Bxf4+
21. Qxf4 Nc4 22. Rc3 Qb4 23. Kd1 Qxb2 24. Rb3 {#nulle?} 1/2-1/2

[Event "Championnat de France Benjamine"]
[Site "CALVI"]
[Date "2005.04.19"]
[Round "4.5"]
[White "Lefebvre, Stephane"]
[Black "Buscara, Lena"]
[Result "1/2-1/2"]
[WhiteElo "1199"]
[BlackElo "1500"]
[PlyCount "70"]
[EventDate "2005.??.??"]
[SourceDate "2005.04.17"]

1. e4 e5 2. d4 d6 3. dxe5 dxe5 4. Qxd8+ Kxd8 5. f4 Nc6 6. Nf3 exf4 7. Bxf4 Nf6
8. Nc3 Bb4 9. O-O-O+ Bd7 10. e5 Ng4 11. Bg5+ f6 12. exf6 gxf6 13. Bh4 Bxc3 14.
bxc3 Rf8 15. Bb5 Kc8 16. Rd2 a6 17. Rhd1 Be6 18. Bxc6 bxc6 19. h3 Nh6 20. a3
Rb8 21. Re2 Ba2 22. Kd2 Rd8+ 23. Ke1 Rxd1+ 24. Kxd1 Nf5 25. Bxf6 Rb1+ 26. Kd2
Nd6 27. Bh4 Nc4+ 28. Kd3 Nxa3 29. Re7 Rd1+ 30. Ke2 Rd7 31. Ne5 Rxe7 32. Bxe7
Nxc2 33. Nxc6 Kd7 34. Nb4 Nxb4 35. Bxb4 Ke6 1/2-1/2

[Event "Championnat de France Benjamine"]
[Site "CALVI"]
[Date "2005.04.19"]
[Round "4.6"]
[White "Durot, Edwige"]
[Black "Fernandez, Laura"]
[Result "0-1"]
[WhiteElo "1530"]
[BlackElo "1990"]
[PlyCount "74"]
[EventDate "2005.??.??"]
[SourceDate "2005.04.17"]

1. e4 e5 2. Nf3 Nc6 3. Bc4 d6 4. Nc3 Be7 5. d4 exd4 6. Nxd4 Ne5 7. Qe2 Nxc4 8.
Qxc4 Nf6 9. Be3 a6 10. b4 c6 11. Rd1 O-O 12. Nb3 Be6 13. Qd3 Nd7 14. Bf4 Ne5
15. Bxe5 dxe5 16. Qxd8 Raxd8 17. Rxd8 Rxd8 18. a3 Bxb3 19. cxb3 Rd3 20. Nb1
Rxb3 21. O-O Kf8 22. Rd1 Ke8 23. Kf1 c5 24. bxc5 Bxc5 25. a4 Rb2 26. Nd2 Ra2
27. Rc1 b6 28. Ke1 Bb4 29. Rd1 Rxa4 30. Rb1 b5 31. g3 a5 32. Rb2 Kd7 33. Ke2
Bxd2 34. Kxd2 Kc6 35. Rc2+ Rc4 36. Rxc4+ bxc4 37. Kc3 Kc5 0-1

[Event "Championnat de France Benjamine"]
[Site "CALVI"]
[Date "2005.04.19"]
[Round "4.7"]
[White "Rambourg, Juliette"]
[Black "Vaux, Julie"]
[Result "1-0"]
[WhiteElo "1870"]
[BlackElo "1540"]
[PlyCount "57"]
[EventDate "2005.??.??"]
[SourceDate "2005.04.17"]

1. e4 e5 2. d4 Nc6 3. dxe5 Nxe5 4. Qd4 d6 5. Nc3 Nf6 6. Bf4 Nc6 7. Qe3 Be6 8.
O-O-O g6 9. h3 Bg7 10. e5 Nh5 11. exd6 Nxf4 12. Qxf4 Be5 13. Qe3 Bxd6 14. Nb5
Qe7 15. Nxd6+ cxd6 16. Ne2 Rc8 17. Nc3 O-O 18. Bd3 Rfe8 19. Rhe1 d5 20. Bb5 d4
21. Rxd4 Nxd4 22. Bxe8 Nxc2 23. Bxf7+ Qxf7 24. Kxc2 Bxa2 25. Qxa7 Qb3+ 26. Kc1
b5 27. Re7 b4 28. Rg7+ Kf8 29. Qe7# 1-0

[Event "Championnat de France Benjamine"]
[Site "CALVI"]
[Date "2005.04.19"]
[Round "4.8"]
[White "Antoniotti, Marie-Cecile"]
[Black "Forgues, Valerie"]
[Result "0-1"]
[WhiteElo "1500"]
[BlackElo "1830"]
[PlyCount "98"]
[EventDate "2005.??.??"]
[SourceDate "2005.04.17"]

1. e4 e5 2. Nf3 Nc6 3. d4 exd4 4. Bc4 Nf6 5. O-O Nxe4 6. Re1 d5 7. Bxd5 Qxd5 8.
Nc3 Qa5 9. Nxe4 Be6 10. Bg5 h6 11. Bh4 g5 12. Bg3 O-O-O 13. a3 Bg7 14. Qd3 Rhe8
15. Ned2 f5 16. h3 f4 17. Bh2 Bd7 18. Nb3 Rxe1+ 19. Nxe1 Qe5 20. Nf3 Qd6 21.
Re1 Ne5 22. Nxe5 Bxe5 23. Nd2 Bg7 24. Nc4 Qf6 25. Kh1 h5 26. Qf3 Qc6 27. Qb3
Qb5 28. Qd3 Bc6 29. Re7 Bf8 30. Rh7 Qd5 31. f3 g4 32. Nd2 gxh3 33. Bxf4 hxg2+
34. Kxg2 Qg8+ 35. Kf2 Rd7 36. Rxd7 Bxd7 37. Qxd4 b6 38. Qe4 Bc5+ 39. Be3 Bxe3+
40. Qxe3 h4 41. Qe4 Qg3+ 42. Ke3 Kb8 43. Qf4 Qe1+ 44. Kd3 h3 45. Qh2 Qh4 46.
Ne4 Bf5 47. Kd2 Qh6+ 48. Kc3 Qg7+ 49. Kc4 Qg2 0-1

[Event "Championnat de France Benjamine"]
[Site "CALVI"]
[Date "2005.04.19"]
[Round "4.9"]
[White "Bomba, Melody"]
[Black "Sunthor, Sunsinaroit"]
[Result "1-0"]
[WhiteElo "1780"]
[BlackElo "1600"]
[PlyCount "123"]
[EventDate "2005.??.??"]
[SourceDate "2005.04.17"]

1. d4 e6 2. Nf3 d5 3. c3 Nf6 4. Bg5 Be7 5. e3 h6 6. Bh4 Nbd7 7. Bd3 O-O 8. Nbd2
c5 9. Qe2 Qb6 10. Rb1 Re8 11. O-O Nf8 12. Ne5 N8d7 13. Nxd7 Bxd7 14. h3 Qa5 15.
a3 Ba4 16. dxc5 Qxc5 17. Rfc1 e5 18. c4 e4 19. Bc2 Bxc2 20. Rxc2 b5 21. Nb3 Qb6
22. cxb5 Rab8 23. Nd4 Bc5 24. Nc6 Qxb5 25. Nxb8 Rxb8 26. Qxb5 Rxb5 27. Bxf6
gxf6 28. b4 Bd6 29. Rbc1 Kf8 30. Rc6 Ke7 31. Kf1 Rb8 32. Ra6 Rb7 33. Rcc6 Be5
34. Rc5 Rd7 35. Ke2 d4 36. exd4 Bxd4 37. Rc4 Kf8 38. Rac6 Bb2 39. a4 Kg7 40.
Rxe4 f5 41. Rec4 Be5 42. R4c5 Bd6 43. Rd5 Re7+ 44. Kf3 Bxb4 45. Rxf5 Ba3 46.
Rc3 Bb2 47. Re3 Rc7 48. Rb5 Bd4 49. Rd3 Rc4 50. Rd5 Bf6 51. a5 Ra4 52. g3 Kg6
53. h4 Kg7 54. h5 Kh7 55. Rb3 Kg7 56. Rb7 Bd4 57. Kg2 Kf6 58. Rd6+ Ke5 59. Ra6
f6 60. f3 Ra2+ 61. Kh3 Ra3 62. Rb4 1-0

[Event "Championnat de France Benjamine"]
[Site "CALVI"]
[Date "2005.04.19"]
[Round "4.10"]
[White "Nguyen, Angeline"]
[Black "Rascle, Adeline"]
[Result "1-0"]
[WhiteElo "1710"]
[BlackElo "1510"]
[PlyCount "71"]
[EventDate "2005.??.??"]
[SourceDate "2005.04.17"]

1. e4 e5 2. Nf3 Nc6 3. Bc4 Be7 4. O-O d6 5. h3 Nf6 6. d3 O-O 7. c3 Bd7 8. Be3
Na5 9. Nbd2 Nxc4 10. Nxc4 Be6 11. Ncd2 c6 12. Re1 Qc7 13. d4 Rfd8 14. Nh2 d5
15. Qf3 dxe4 16. Nxe4 Bd5 17. Nxf6+ Bxf6 18. Qg3 Qe7 19. Bh6 g6 20. dxe5 Bg7
21. Bg5 f6 22. exf6 Qf7 23. Re7 Qf8 24. Rxg7+ Kh8 25. Qh4 Bg8 26. Re7 Bf7 27.
Bh6 Qg8 28. Bg7+ Qxg7 29. fxg7+ Kxg7 30. Rxb7 Rd2 31. Qe7 Rf8 32. Nf3 Rc2 33.
Ng5 Kg8 34. Nxf7 Kg7 35. Ne5+ Kh6 36. Qh4# 1-0

[Event "Championnat de France Benjamin"]
[Site "CALVI"]
[Date "????.??.??"]
[Round "5.1"]
[White "Baudson, Charles"]
[Black "Saatdjian, Thomas"]
[Result "0-1"]
[WhiteElo "2007"]
[BlackElo "2069"]
[PlyCount "106"]
[EventDate "2005.??.??"]
[SourceDate "2005.04.17"]

1. e4 c5 2. Nf3 e6 3. c3 d5 4. exd5 Qxd5 5. d4 Nf6 6. Bd3 Nc6 7. O-O cxd4 8.
cxd4 Be7 9. Nc3 Qd8 10. a3 O-O 11. Bc2 b6 12. Qd3 Bb7 13. Re1 g6 14. Bh6 Re8
15. h3 Rc8 16. Rad1 Qc7 17. Rd2 Red8 18. Nb5 Qd7 19. Bb3 Ba6 20. Ba4 Qd5 21.
Nc3 Bxd3 22. Nxd5 Nxd5 23. Rxd3 a6 24. b4 b5 25. Bb3 Bf6 26. Bg5 Bxg5 27. Nxg5
h6 28. Nf3 Nce7 29. g3 Rc7 30. Nd2 Rc3 31. Rxc3 Nxc3 32. Nf3 Nf5 33. Re3 Nxe3
34. fxe3 Nd5 35. Bxd5 exd5 36. Ne5 Rc8 37. Nd7 Rc3 38. Nf6+ Kg7 39. Nxd5 Rxa3
40. Kf2 a5 41. bxa5 Rxa5 42. Kf3 Ra1 43. Kf4 Rh1 44. h4 Rf1+ 45. Ke5 Rf3 46. g4
Rh3 47. e4 Rxh4 48. Nf6 b4 49. d5 b3 50. d6 Kf8 51. Nd5 Ke8 52. Kd4 b2 53. Nc3
Rh1 0-1

[Event "Championnat de France Benjamin"]
[Site "CALVI"]
[Date "????.??.??"]
[Round "5.2"]
[White "Milandre, Olivier"]
[Black "Ludwig, Remi"]
[Result "0-1"]
[WhiteElo "1988"]
[BlackElo "2046"]
[PlyCount "70"]
[EventDate "2005.??.??"]
[SourceDate "2005.04.17"]

1. Nf3 d5 2. g3 Nf6 3. Bg2 Bf5 4. c4 c6 5. cxd5 cxd5 6. Qb3 Qc7 7. Nc3 e6 8.
O-O Nc6 9. d3 a6 10. Bf4 Bd6 11. Bxd6 Qxd6 12. Nh4 Bg6 13. Nxg6 hxg6 14. e4 d4
15. Ne2 O-O 16. f4 e5 17. h3 b5 18. f5 Nd7 19. fxg6 Qxg6 20. Rac1 Rac8 21. h4
Nf6 22. Bh3 Ng4 23. Rf5 Na5 24. Rxc8 Nxb3 25. Rxf8+ Kxf8 26. Rg5 Qd6 27. Bxg4
Nc5 28. Nc1 Qh6 29. Nb3 Nxb3 30. axb3 f6 31. Rf5 Qe3+ 32. Rf2 Qxg3+ 33. Rg2
Qe1+ 34. Kh2 Qxh4+ 35. Bh3 Qf4+ 0-1

[Event "Championnat de France Benjamin"]
[Site "CALVI"]
[Date "????.??.??"]
[Round "5.3"]
[White "Charmeteau, Sven"]
[Black "Delivre, Raphael"]
[Result "0-1"]
[WhiteElo "2006"]
[BlackElo "2034"]
[PlyCount "144"]
[EventDate "2005.??.??"]
[SourceDate "2005.04.17"]

1. d4 Nf6 2. c4 e6 3. g3 c5 4. d5 exd5 5. cxd5 d6 6. Nc3 g6 7. Bg2 Bg7 8. Nf3
O-O 9. O-O a6 10. a4 Re8 11. Nd2 Nbd7 12. h3 Qc7 13. Nc4 Ne5 14. Na3 Qb8 15. f4
Ned7 16. a5 Qc7 17. Nc4 b5 18. axb6 Nxb6 19. Na5 Nfd7 20. e4 c4 21. Be3 Nc5 22.
Bd4 Nd3 23. Bxg7 Kxg7 24. b3 Qc5+ 25. Kh2 Nb4 26. bxc4 Nxc4 27. Nb3 Qe3 28. Rf3
Qb6 29. Na4 Qa7 30. Qe1 Nxd5 31. Qc1 Nde3 32. Qc3+ Kg8 33. Nd4 Nxg2 34. Qxc4
Rxe4 35. Rd1 Ne3 36. Qd3 Rxd4 37. Qxd4 Nxd1 38. Qxd1 Bb7 39. Rf1 Re8 40. Qd2
Qe3 41. Qxe3 Rxe3 42. Rf2 Bf3 43. g4 Re2 44. Kg3 Rxf2 45. Kxf2 Bc6 46. Nb2 Kf8
47. Nc4 Ke7 48. Ke3 Bb5 49. Na5 h6 50. h4 h5 51. gxh5 gxh5 52. Nb3 d5 53. Nd4
Kf6 54. Kd2 $11 Bd7 55. Kc3 Ke7 56. Kb4 Kd6 57. Nf3 f6 58. Kc3 a5 59. Nd4 a4
60. Kb4 a3 61. Kxa3 Kc5 62. Nb3+ Kc4 63. Kb2 Be8 64. Nc1 Kd4 65. Ne2+ Ke3 66.
Nc3 Bf7 67. Kc2 d4 68. Nb5 d3+ 69. Kb2 Kxf4 70. Kc3 Ke3 71. Nd6 d2 72. Nf5+ Kf4
0-1

[Event "Championnat de France Benjamin"]
[Site "CALVI"]
[Date "????.??.??"]
[Round "5.4"]
[White "Nahed, Yann"]
[Black "Martin, Cedric"]
[Result "0-1"]
[WhiteElo "2031"]
[BlackElo "1958"]
[PlyCount "62"]
[EventDate "2005.??.??"]
[SourceDate "2005.04.17"]

1. e4 c5 2. Nf3 d6 3. d4 Nf6 4. Nc3 cxd4 5. Nxd4 a6 6. Be2 e6 7. O-O Be7 8. f4
O-O 9. Kh1 Qc7 10. Qe1 b5 11. Bf3 Bb7 12. a4 b4 13. Na2 Qc4 14. e5 Nd5 15. Qf2
dxe5 16. fxe5 Bc5 17. Rd1 Nc6 18. c3 bxc3 19. b3 Qxb3 20. Nxb3 Bxf2 21. Bxd5
exd5 22. Rxd5 Rad8 23. Nxc3 Rxd5 24. Nxd5 Rd8 25. Nc3 Nxe5 26. Ba3 Rc8 27. Rd1
h5 28. Bb4 Rc4 29. Ba5 Rg4 30. Nd5 Nc4 31. h3 Rg5 0-1

[Event "Championnat de France Benjamin"]
[Site "CALVI"]
[Date "????.??.??"]
[Round "5.5"]
[White "Blancho, Gwenael"]
[Black "Lepot, Simon"]
[Result "1-0"]
[WhiteElo "2030"]
[BlackElo "1580"]
[PlyCount "87"]
[EventDate "2005.??.??"]
[SourceDate "2005.04.17"]

1. e4 e5 2. Nf3 Nc6 3. d4 exd4 4. Nxd4 Bc5 5. Nxc6 Qf6 6. Qd2 Qxc6 7. Bd3 d6 8.
Nc3 Bd7 9. Bb5 Qb6 10. Nd5 Bxf2+ 11. Qxf2 Qxf2+ 12. Kxf2 c6 13. Nc7+ Kd8 14.
Nxa8 cxb5 15. Bg5+ Kc8 16. Rad1 h6 17. Bf4 Nf6 18. Rhe1 Kb8 19. Nb6 axb6 20.
Bxd6+ Kc8 21. e5 Nh7 22. h4 Nf8 23. Bxf8 Rxf8 24. Rd6 Bc6 25. g3 Re8 26. g4 Bd7
27. Kg3 Kc7 28. g5 h5 29. Re3 Bc6 30. Kf4 Bd7 $11 31. Rc3+ Bc6 32. Kf5 Ra8 33.
a3 Re8 34. g6 f6 35. Re6 Rxe6 36. Kxe6 fxe5 37. Kxe5 Kd7 38. Kf5 Ke7 $11 39.
Re3+ Kd6 40. Kg5 Kd5 41. Kxh5 Kd4 42. Re7 Kd5 43. Rxg7 Ke5 44. Kg5 1-0

[Event "Championnat de France Benjamin"]
[Site "CALVI"]
[Date "????.??.??"]
[Round "5.6"]
[White "Ollier, Pablo"]
[Black "Tachikart, Yassin"]
[Result "1-0"]
[WhiteElo "1937"]
[BlackElo "2041"]
[PlyCount "117"]
[EventDate "2005.??.??"]
[SourceDate "2005.04.17"]

1. d4 d5 2. c4 c6 3. cxd5 cxd5 4. Nc3 Nf6 5. Nf3 Nc6 6. Bf4 Bf5 7. e3 e6 8. Be2
Bd6 9. Bxd6 Qxd6 10. O-O O-O 11. Rc1 Rac8 12. Qd2 Rfd8 13. Rfd1 Nd7 14. Nh4 Bg6
15. Nxg6 hxg6 16. Bb5 a6 17. Bxc6 Rxc6 18. h3 Rdc8 19. Ne2 Nb6 20. b3 Kf8 21.
Rxc6 Rxc6 22. Rc1 Ke8 23. Rxc6 Qxc6 24. Qc1 Qxc1+ 25. Nxc1 Kd7 26. Nd3 Kd6 27.
Ne5 Ke7 28. Kf1 Nd7 29. Nxd7 Kxd7 30. Ke2 Kc6 31. Kd3 Kb5 32. Kc3 a5 33. a4+
Kc6 34. f3 f6 35. h4 b6 36. e4 Kd6 37. g4 dxe4 38. fxe4 f5 39. Kd3 Ke7 40. gxf5
gxf5 41. exf5 exf5 42. h5 Kf6 43. Ke3 Ke6 44. Kf4 Kd5 45. Kxf5 Kxd4 46. Kg6 Kc3
47. Kxg7 Kxb3 48. h6 Kxa4 49. h7 b5 50. h8=Q b4 51. Kg6 b3 52. Qa1+ Kb4 53. Kf5
a4 54. Ke4 Kc4 55. Qxa4+ Kc3 56. Qa1+ Kc2 57. Kd4 b2 58. Qa2 Kc1 59. Kc3 1-0

[Event "Championnat de France Benjamin"]
[Site "CALVI"]
[Date "????.??.??"]
[Round "5.7"]
[White "Doebele, Victor"]
[Black "Le Ruyet, Leopold"]
[Result "0-1"]
[WhiteElo "2019"]
[BlackElo "1890"]
[PlyCount "74"]
[EventDate "2005.??.??"]
[SourceDate "2005.04.17"]

1. Nf3 Nf6 2. g3 g6 3. b3 Bg7 4. Bb2 O-O 5. Bg2 c5 6. c4 d6 7. O-O Nbd7 8. d4
e6 9. Nc3 a6 10. Qc2 Rb8 11. Rad1 Qc7 12. Rd2 b5 13. cxb5 axb5 14. dxc5 dxc5
15. a4 Ba6 16. axb5 Bxb5 17. Nxb5 Rxb5 18. Rc1 Qb6 19. Ne5 Nxe5 20. Bxe5 Rxb3 {
Diagramme #} 21. Qxc5 Qxc5 22. Rxc5 Rb1+ 23. Bf1 Ne4 24. Bxg7 Nxd2 25. Bxf8
Rxf1+ 26. Kg2 Kxf8 27. Rc8+ Ke7 28. Rc7+ Ke8 29. Rc8+ Kd7 30. Rc3 Rxf2+ 31.
Kxf2 Ne4+ 32. Ke3 Nxc3 33. Kd3 Nd5 34. e4 Nf6 35. Kd4 Ng4 36. h3 Nf2 37. h4 Nh1
0-1

[Event "Championnat de France Benjamin"]
[Site "CALVI"]
[Date "????.??.??"]
[Round "5.8"]
[White "Monpeurt, Fabien"]
[Black "Benassayag, Lucas"]
[Result "0-1"]
[WhiteElo "1640"]
[BlackElo "2001"]
[PlyCount "84"]
[EventDate "2005.??.??"]
[SourceDate "2005.04.17"]

1. e4 c5 2. Nf3 d6 3. d4 cxd4 4. Nxd4 Nf6 5. Nc3 a6 6. g3 e6 7. Bg2 Be7 8. Be3
Qc7 9. O-O O-O 10. h3 Bd7 11. Qd2 Nc6 12. Rad1 Rac8 13. Nde2 b5 14. f4 Na5 15.
a3 Nc4 16. Qc1 Nxe3 17. Qxe3 Bc6 18. Kh2 Rfd8 19. Nd4 Bb7 20. Qf2 Nd7 21. g4
Nb6 22. f5 d5+ 23. Kh1 e5 24. f6 Bxf6 25. Nf5 d4 26. g5 Bxg5 27. Qg3 Bf6 28.
Ne2 Nc4 29. Rf2 Ne3 30. Nxe3 dxe3 31. Rxd8+ Qxd8 32. Qxe3 Rxc2 33. Nc3 Rxf2 34.
Qxf2 Qd4 35. Qc2 g6 36. Qb3 Qe3 37. a4 b4 38. Qxb4 Bh4 39. Qxb7 Qe1+ 40. Bf1
Qxf1+ 41. Kh2 Qf2+ 42. Kh1 Bg3 0-1

[Event "Championnat de France Benjamin"]
[Site "CALVI"]
[Date "????.??.??"]
[Round "5.9"]
[White "Rosier, Kevin"]
[Black "Nockels, Nicolas"]
[Result "1/2-1/2"]
[WhiteElo "1750"]
[BlackElo "1970"]
[PlyCount "66"]
[EventDate "2005.??.??"]
[SourceDate "2005.04.17"]

1. e4 e5 2. Nf3 Nc6 3. d4 exd4 4. Bc4 Nf6 5. O-O Bc5 6. e5 d5 7. exf6 dxc4 8.
Re1+ Be6 9. Ng5 Qd5 10. Nc3 Qf5 11. Nce4 O-O-O 12. g4 Qe5 13. Nxc5 Qxc5 14.
Nxe6 fxe6 15. fxg7 Rhg8 16. Bh6 Qd5 17. Qe2 e5 18. Qe4 Qe6 19. g5 d3 20. cxd3
Rd4 21. Qf3 Rxd3 22. Qe4 Rd4 23. Qf3 Rd3 24. Qe4 Nd4 25. Re3 Rd2 26. Rc1 Qf7
27. Rf1 Rd3 28. Rxd3 cxd3 29. Qxd3 Nf3+ 30. Kg2 Nh4+ 31. Kh1 Nf3 32. Kg2 Nh4+
33. Kh1 Nf3 1/2-1/2

[Event "Championnat de France Benjamin"]
[Site "CALVI"]
[Date "????.??.??"]
[Round "5.10"]
[White "Conway, Anthony"]
[Black "Feller, Sebastien"]
[Result "1-0"]
[WhiteElo "1699"]
[BlackElo "2228"]
[PlyCount "83"]
[EventDate "2005.??.??"]
[SourceDate "2005.04.17"]

1. c4 g6 2. Nc3 Bg7 3. g3 e5 4. Bg2 Nc6 5. e4 d6 6. Nge2 Nge7 7. O-O Be6 8. d3
Qd7 9. Nd5 O-O 10. Be3 f5 11. f3 h6 12. Qd2 Kh7 13. Rae1 Rf7 14. b3 Raf8 15.
Kh1 Nc8 16. exf5 Bxf5 17. d4 Bh3 18. dxe5 Bxg2+ 19. Kxg2 Nxe5 20. f4 Ng4 21.
Bd4 b5 22. Bxg7 Kxg7 23. Nd4 Kh7 24. cxb5 Nb6 25. Nxb6 cxb6 26. Qe2 Rc8 27. Qe6
Rc3 28. Qxd7 Rxd7 29. Rf3 Rxf3 30. Nxf3 Nf6 31. Nd4 Kg7 32. Kf3 Kf7 33. Nc6 h5
34. h3 Kg7 35. Re7+ Rxe7 36. Nxe7 Kf7 37. Nc6 Nd5 38. Nxa7 Ke6 39. Nc6 Nf6 40.
a4 Nd5 41. b4 Nc3 42. Nd4+ 1-0

[Event "Championnat de France Benjamine"]
[Site "CALVI"]
[Date "????.??.??"]
[Round "5.1"]
[White "Genzling, Sylvie"]
[Black "Richard, Emma"]
[Result "1/2-1/2"]
[WhiteElo "1982"]
[BlackElo "1730"]
[PlyCount "55"]
[EventDate "2005.??.??"]
[SourceDate "2005.04.17"]

1. e4 c5 2. Nf3 Nc6 3. d4 cxd4 4. Nxd4 e5 5. Nb5 d6 6. N1c3 a6 7. Na3 b5 8. Nd5
Nge7 9. Nxe7 Bxe7 10. c3 O-O 11. Nc2 Be6 12. a4 Qb6 13. Be3 Qb7 14. axb5 axb5
15. Rxa8 Rxa8 16. Bd3 Bb3 17. O-O b4 18. Qd2 bxc3 19. Qxc3 Rc8 20. Qd2 Rb8 21.
Na3 Nb4 22. Bc4 Bxc4 23. Nxc4 Qxe4 24. Nxd6 Qd3 25. Qxd3 Nxd3 26. Nc4 Rb4 27.
Na5 Rxb2 28. Nc6 1/2-1/2

[Event "Championnat de France Benjamine"]
[Site "CALVI"]
[Date "????.??.??"]
[Round "5.2"]
[White "Rambourg, Juliette"]
[Black "Armas, Lara-Maria"]
[Result "0-1"]
[WhiteElo "1870"]
[BlackElo "1730"]
[PlyCount "134"]
[EventDate "2005.??.??"]
[SourceDate "2005.04.17"]

1. e4 c5 2. Nf3 a6 3. c3 e6 4. d4 cxd4 5. cxd4 d5 6. e5 Nc6 7. Bd3 Qc7 8. O-O
Nb4 9. Nc3 Nxd3 10. Qxd3 f6 11. Bf4 Ne7 12. Rac1 Nc6 13. Bg3 fxe5 14. Nxe5 Bd6
15. b4 Nxb4 16. Qf3 Bxe5 17. Bxe5 Qf7 18. Qg3 O-O 19. Bd6 Nc6 20. Bxf8 Qxf8 21.
Ne2 Bd7 22. Qe3 Re8 23. f4 Qd6 24. Ng3 Rf8 25. Rf3 Ne7 26. Qe5 Qxe5 27. fxe5
Nc6 28. Rxf8+ Kxf8 29. Ne2 b5 30. Kf2 Ke7 31. Ke3 b4 32. Rb1 a5 33. Nc1 Bc8 34.
Nd3 Ba6 35. g4 Bc4 36. Rb2 g5 37. Nc5 h6 38. Rf2 Nd8 39. Kf3 Nc6 $11 40. Rd2
Nd8 41. Kg3 Nc6 42. h4 Nd8 43. h5 Kf7 44. Kf2 Nc6 45. Ke1 Ke7 46. Kd1 Bf1 47.
Kc2 Bh3 48. Kb3 Bxg4 49. Ka4 Bxh5 50. Nb7 Be8 51. Nxa5 Nxd4+ 52. Kxb4 Nf3 53.
Re2 d4 54. Nc4 Kd8 55. a4 Kc7 56. a5 g4 57. a6 h5 58. a7 Bc6 59. Ra2 g3 60. Kc5
h4 61. Ra6 Be4 62. Rxe6 g2 63. Nb6 g1=Q 64. Re7+ Kd8 65. Rf7 Qc1+ 66. Nc4 Nxe5
67. Rf8+ Ke7 0-1

[Event "Championnat de France Benjamine"]
[Site "CALVI"]
[Date "????.??.??"]
[Round "5.3"]
[White "Fernandez, Laura"]
[Black "Macarry, Elodie"]
[Result "1-0"]
[WhiteElo "1990"]
[BlackElo "1660"]
[PlyCount "49"]
[EventDate "2005.??.??"]
[SourceDate "2005.04.17"]

1. e4 e5 2. Nf3 Nc6 3. Bc4 Nf6 4. d3 Bc5 5. c3 Bb6 6. Bb3 d6 7. Nbd2 Be6 8. Bc2
O-O 9. Nf1 h6 10. Ng3 Ng4 11. O-O Qe7 12. h3 Nf6 13. Nh4 Nd7 14. Nhf5 Qf6 15.
Nh5 Qg6 16. Nhxg7 Kh8 17. Bxh6 Rg8 18. Qf3 Rxg7 19. Bxg7+ Kg8 20. Bh6 Bxf5 21.
Qxf5 Qxh6 22. Qxd7 Kg7 23. Bb3 Qf6 24. Qg4+ Kf8 25. Kh1 1-0